Statistiche per Luoghi con lo stesso suffisso

Clicka qui per fare il quiz!

Statistiche generali

  • Questo quiz è stato fatto 24 volte
  • Il punteggio medio è 19 su 20

Statistiche sulle risposte

PlacePlaceSuffix% Corretto
Zam__Ser__bia
100%
Edin____San Pietro____burgo
100%
Portor____Mozamb____ico
100%
Micro_____Poli____nesia
100%
New Hamp_____York_____shire
100%
Kurdi____Paki____stan
100%
Kings___Welling___ton
100%
Transil_____Pennsyl_____vania
100%
San Bernard___Berl___ino
95%
Ro___Tas_____mania
95%
Minnea_____Indiana_____polis
95%
Jackson____Libre_____ville
95%
Tob___Santi___ago
91%
Islama___Hydera___bad
91%
Fin____Tai____landia
91%
Rua____Lua____nda
91%
Shef_____Spring____field
86%
Free____George____town
86%
Volgo____Kalinin____grad
82%
Ply_____Ports_____mouth
77%

Distribuzione punteggi

Percentile per numero di risposta

Percentuale di utenti per punteggio

I tuoi punteggi nel tempo

Non hai fatto questo quiz